[Event "III - WC Individual Ladies"]
[Site "Malente GER"]
[Date "2004.07.28"]
[Round "5.11"]
[White "Mironenko N. (UKR)"]
[Black "Rývová A. (CZE)"]
[Result "1/2-1/2"]
[WhiteElo "1805"]
[BlackElo "2046"]
[PlyCount "23"]
[EventDate "2004.??.??"]
[EventType "tourn"]
[EventRounds "11"]
[EventCountry "GER"]

1. e4 e5 2. Nf3 Nf6 3. Nc3 Nc6 4. Bc4 Be7 5. d3 d6 6. Ne2 Bg4 7. Ng3 Nd4 8. h3
Nxf3+ 9. gxf3 Be6 10. Bb5+ Bd7 11. Bc4 Be6 12. Bb5+ 1/2-1/2

[Event "III - WC Individual Ladies"]
[Site "Malente GER"]
[Date "2004.07.28"]
[Round "5.11"]
[White "Kazhugukova A. (KAZ)"]
[Black "Marcinkevicene E. (LTU)"]
[Result "0-1"]
[WhiteElo "1805"]
[BlackElo "1805"]
[PlyCount "84"]
[EventDate "2004.??.??"]
[EventType "tourn"]
[EventRounds "11"]
[EventCountry "GER"]

1. e4 c5 2. g3 Nc6 3. Bg2 d6 4. Nf3 Nf6 5. Nc3 e6 6. O-O Be7 7. d3 O-O 8. b3 a6
9. Bb2 b5 10. e5 Nd7 11. exd6 Bxd6 12. Re1 Bb7 13. Qd2 Nf6 14. Rad1 Qc7 15. Ne4
Nxe4 16. dxe4 Be7 17. Qe3 e5 18. c3 f6 19. Bh3 Bc8 20. Bxc8 Raxc8 21. Kg2 Rcd8
22. Nh4 Rxd1 23. Rxd1 Rd8 24. Rd2 Rxd2 25. Qxd2 Qd6 26. Bc1 Qxd2 27. Bxd2 g6
28. f4 exf4 29. Bxf4 Kf7 30. Bd2 Ne5 31. Nf3 Nxf3 32. Kxf3 Bd6 33. Bf4 Ke6 34.
Bxd6 Kxd6 35. Kf4 Ke6 36. Ke3 a5 37. h3 Ke5 38. a3 b4 39. axb4 c4 40. bxc4 a4
41. b5 a3 42. b6 Kd6 0-1

[Event "III - WC Individual Ladies"]
[Site "Malente GER"]
[Date "2004.07.28"]
[Round "5.11"]
[White "Gerasimova O. (RUS)"]
[Black "Necse M. (ROU)"]
[Result "1-0"]
[WhiteElo "1805"]
[BlackElo "1805"]
[PlyCount "32"]
[EventDate "2004.??.??"]
[EventType "tourn"]
[EventRounds "11"]
[EventCountry "GER"]

1. e4 e5 2. Nf3 Nc6 3. Bb5 a6 4. Ba4 Nf6 5. O-O h6 6. Bxc6 dxc6 7. Nxe5 Nxe4 8.
Re1 Bf5 9. d3 Qd5 10. dxe4 Qxd1 11. Rxd1 Bxe4 12. Re1 O-O-O 13. Nxf7 Re8 14.
Nxh8 Bc5 15. Nc3 Rxh8 16. Nxe4 Rf8 1-0

[Event "III - WC Individual Ladies"]
[Site "Malente GER"]
[Date "2004.07.28"]
[Round "5.11"]
[White "Bürki S. (SUI)"]
[Black "Mucha A. (GER)"]
[Result "0-1"]
[WhiteElo "1805"]
[BlackElo "1805"]
[PlyCount "62"]
[EventDate "2004.??.??"]
[EventType "tourn"]
[EventRounds "11"]
[EventCountry "GER"]

1. e4 c5 2. Nc3 Nc6 3. Bc4 g6 4. Nge2 Bg7 5. d3 e6 6. Be3 Nd4 7. Nf4 Ne7 8. Bb3
O-O 9. Bc4 a6 10. a4 b6 11. O-O Bb7 12. g3 d5 13. exd5 exd5 14. Nfxd5 Nxd5 15.
Qd2 Nxc3 16. bxc3 Nf5 17. Rae1 Qd7 18. d4 cxd4 19. cxd4 Qc6 20. d5 Qxc4 21. Ra1
Nxe3 22. fxe3 Bxa1 23. Rxa1 Bxd5 24. Qd3 Qc6 25. a5 Bh1 26. Qe2 Rfe8 27. h4
Rxe3 28. Qf2 Rae8 29. Qf1 Re1 30. Rxe1 Rxe1 31. Qxe1 Qg2# 0-1

[Event "III - WC Individual Ladies"]
[Site "Malente GER"]
[Date "2004.07.28"]
[Round "5.11"]
[White "Artjomova M. (LAT)"]
[Black "Gonchar S. (UKR)"]
[Result "0-1"]
[WhiteElo "1805"]
[BlackElo "1805"]
[PlyCount "74"]
[EventDate "2004.??.??"]
[EventType "tourn"]
[EventRounds "11"]
[EventCountry "GER"]

1. Nf3 Nf6 2. g3 d5 3. d4 e6 4. Bg5 Be7 5. Bg2 Nbd7 6. Nbd2 h6 7. Bxf6 Nxf6 8.
O-O O-O 9. c3 c5 10. Qc2 Bd7 11. Rfe1 Rc8 12. Qd3 Qb6 13. b3 cxd4 14. cxd4 Bb5
15. Qb1 Bb4 16. Qb2 Bc3 17. Qb1 Bxa1 18. Qxa1 Rc2 19. e4 dxe4 20. Nxe4 Nxe4 21.
Rxe4 Rfc8 22. Re1 Qc7 23. h4 Rc1 24. Rxc1 Qxc1+ 25. Qxc1 Rxc1+ 26. Kh2 Rc2 27.
a4 Bc6 28. Ne5 Bxg2 29. Kxg2 Rb2 30. a5 Rxb3 31. Nc4 Rb4 32. Nd6 Kf8 33. Kf3
Ke7 34. Ne4 Rxd4 35. Nc5 b6 36. axb6 axb6 37. Ne4 f5 0-1

[Event "III - WC Individual Ladies"]
[Site "Malente GER"]
[Date "2004.07.28"]
[Round "5.11"]
[White "Kedzierawska W. (POL)"]
[Black "Nazarova O. (ITA)"]
[Result "0-1"]
[WhiteElo "1805"]
[BlackElo "2049"]
[PlyCount "100"]
[EventDate "2004.??.??"]
[EventType "tourn"]
[EventRounds "11"]
[EventCountry "GER"]

1. e4 d6 2. Nf3 Nf6 3. Nc3 g6 4. d4 Bg7 5. Bc4 O-O 6. h3 Nc6 7. O-O Bd7 8. a3
Na5 9. Bd3 c5 10. dxc5 dxc5 11. e5 Ne8 12. Re1 Nc6 13. Bb5 Rc8 14. Bxc6 Rxc6
15. Bf4 e6 16. Re3 f6 17. Nb5 a6 18. Nd6 Nxd6 19. exd6 Qb6 20. Rb3 Qa7 21. c4
Qb8 22. Rd3 e5 23. Qe1 exf4 24. Qe7 Qc8 25. Qe2 Re8 26. Qd2 g5 27. Re1 Bf8 28.
Rd5 Rxe1+ 29. Nxe1 Qb8 30. Nd3 b6 31. b4 Be6 32. b5 axb5 33. cxb5 Rxd6 34. Rxd6
Qxd6 35. Qc3 Qd4 36. Qxd4 cxd4 37. a4 Kf7 38. f3 Ba3 39. Kf2 Bb3 40. g3 fxg3+
41. Kxg3 Bxa4 42. f4 Bxb5 43. Ne1 Bd6 44. Kf3 Bxf4 45. Ke4 d3 46. Nxd3 Bxd3+
47. Kxd3 Be5 48. Kc2 b5 49. Kb3 Bd6 50. Kc3 f5 0-1

[Event "III - WC Individual Ladies"]
[Site "Malente GER"]
[Date "2004.07.29"]
[Round "6.11"]
[White "Rývová A. (CZE)"]
[Black "Nazarova O. (ITA)"]
[Result "1-0"]
[WhiteElo "2046"]
[BlackElo "2049"]
[PlyCount "46"]
[EventDate "2004.??.??"]
[EventType "tourn"]
[EventRounds "11"]
[EventCountry "GER"]

1. e4 d5 2. exd5 Qxd5 3. d4 Nf6 4. Nc3 Qa5 5. Nf3 c6 6. Bc4 Bg4 7. Bxf7+ Kxf7
8. Ne5+ {Diagramm #} Ke8 $4 (8... Qxe5+ $3 $18) 9. Nxg4 Nbd7 10. O-O Nxg4 11.
Qxg4 Nf6 12. Qe2 Kd7 13. Re1 Re8 14. Qe6+ Kd8 15. Bf4 g5 16. Be5 Bg7 17. Rad1
h5 18. d5 c5 19. d6 Nd7 20. Bxg7 exd6 21. Qxd6 Rxe1+ 22. Rxe1 Re8 23. Bf6+ Kc8
1-0

[Event "III - WC Individual Ladies"]
[Site "Malente GER"]
[Date "2004.07.29"]
[Round "6.11"]
[White "Gonchar S. (UKR)"]
[Black "Kedzierawska W. (POL)"]
[Result "1-0"]
[WhiteElo "1805"]
[BlackElo "1805"]
[PlyCount "67"]
[EventDate "2004.??.??"]
[EventType "tourn"]
[EventRounds "11"]
[EventCountry "GER"]

1. d4 d5 2. c4 Nf6 3. Nc3 e6 4. Bg5 Bb4 5. a3 Ba5 6. b4 h6 7. Bxf6 Qxf6 8. bxa5
Qf5 9. e3 Nc6 10. cxd5 exd5 11. Bb5 Bd7 12. Qf3 Qxf3 13. Nxf3 O-O 14. Nxd5 Rad8
15. a6 bxa6 16. Bxc6 Bxc6 17. Ne7+ Kh8 18. Nxc6 Ra8 19. Kd2 f5 20. Rhc1 Rf6 21.
Rab1 Re8 22. Rb7 f4 23. Nce5 fxe3+ 24. fxe3 Kh7 25. Rcxc7 Rg8 26. Rxa7 Rb6 27.
Rab7 Rd6 28. Nh4 Rf6 29. Rf7 Rd6 30. Nf5 Rg6 31. Nxg6 Kxg6 32. Rxg7+ Rxg7 33.
Nxg7 Kg5 34. d5 1-0

[Event "III - WC Individual Ladies"]
[Site "Malente GER"]
[Date "2004.07.29"]
[Round "6.11"]
[White "Mucha A. (GER)"]
[Black "Artjomova M. (LAT)"]
[Result "0-1"]
[WhiteElo "1805"]
[BlackElo "1805"]
[PlyCount "60"]
[EventDate "2004.??.??"]
[EventType "tourn"]
[EventRounds "11"]
[EventCountry "GER"]

1. e4 c5 2. Nc3 Nc6 3. f4 e6 4. Nf3 g6 5. Bc4 Bg7 6. d3 b6 7. O-O Nge7 8. Qe1
f6 9. Qh4 O-O 10. g4 Nd4 11. Nxd4 cxd4 12. Ne2 Nc6 13. f5 g5 14. Qg3 Re8 15. a3
d5 16. Ba2 dxe4 17. dxe4 Kh8 18. Rf2 exf5 19. exf5 Ba6 20. Qg2 Ne5 21. h4 d3
22. Nc3 Qd4 23. Ne4 Nxg4 24. Qxg4 Rxe4 25. Qf3 Rae8 26. Bxg5 Rg4+ 27. Kh2 fxg5
28. hxg5 Rxg5 29. Raf1 Qh4+ 30. Qh3 Be5+ 0-1

[Event "III - WC Individual Ladies"]
[Site "Malente GER"]
[Date "2004.07.29"]
[Round "6.11"]
[White "Necse M. (ROU)"]
[Black "Bürki S. (SUI)"]
[Result "1-0"]
[WhiteElo "1805"]
[BlackElo "1805"]
[PlyCount "67"]
[EventDate "2004.??.??"]
[EventType "tourn"]
[EventRounds "11"]
[EventCountry "GER"]

1. e4 e5 2. Nc3 Nf6 3. Nf3 Nc6 4. Be2 Bc5 5. h3 h6 6. a3 d6 7. d3 Be6 8. Be3
O-O 9. Bxc5 dxc5 10. Qd2 Kh7 11. O-O-O Nb4 12. axb4 cxb4 13. Nb1 c5 14. Nxe5
Qa5 15. b3 Rfd8 16. c4 b5 17. Nc6 Qa1 18. Nxd8 Rxd8 19. Qb2 Qa5 20. e5 Nd7 21.
f4 Nb6 22. Bg4 Bxg4 23. hxg4 bxc4 24. dxc4 Nxc4 25. bxc4 Rb8 26. Rd3 Qa4 27. g5
b3 28. gxh6 gxh6 29. Rdh3 Rb4 30. Rxh6+ Kg7 31. e6+ Kf8 32. Qh8+ Ke7 33. Qf6+
Ke8 34. Rh8# 1-0

[Event "III - WC Individual Ladies"]
[Site "Malente GER"]
[Date "2004.07.29"]
[Round "6.11"]
[White "Marcinkevicene E. (LTU)"]
[Black "Gerasimova O. (RUS)"]
[Result "0-1"]
[WhiteElo "1805"]
[BlackElo "1805"]
[PlyCount "74"]
[EventDate "2004.??.??"]
[EventType "tourn"]
[EventRounds "11"]
[EventCountry "GER"]

1. d4 d5 2. c4 c6 3. Nc3 e6 4. Nf3 Nd7 5. Bg5 Ngf6 6. e3 Be7 7. Bd3 h6 8. Bh4
O-O 9. O-O dxc4 10. Bxc4 b5 11. Bd3 Bb7 12. Qe2 a6 13. a3 c5 14. dxc5 Nxc5 15.
Bc2 Nd5 16. Bxe7 Nxc3 17. Qd2 Qxe7 18. Qxc3 Rac8 19. Qb4 Qf6 20. Qd4 Qxd4 21.
Nxd4 g6 22. Rac1 Rc7 23. b4 Nd7 24. Bb3 Rfc8 25. Ne2 Nb6 26. Rxc7 Rxc7 27. Rc1
Rd7 28. Nd4 Kg7 29. Kf1 e5 30. Nc2 Rd3 31. Na1 Bd5 32. Ke2 e4 33. f3 Bxb3 34.
fxe4 Bc4 35. Nc2 Rxa3+ 36. Kf3 Rc3 37. Kf2 Bd3 0-1

[Event "III - WC Individual Ladies"]
[Site "Malente GER"]
[Date "2004.07.29"]
[Round "6.11"]
[White "Mironenko N. (UKR)"]
[Black "Kazhugukova A. (KAZ)"]
[Result "0-1"]
[WhiteElo "1805"]
[BlackElo "1805"]
[PlyCount "84"]
[EventDate "2004.??.??"]
[EventType "tourn"]
[EventRounds "11"]
[EventCountry "GER"]

1. e4 e6 2. d4 d5 3. e5 c5 4. c3 Nc6 5. Nf3 Qb6 6. Be2 Bd7 7. O-O cxd4 8. cxd4
Nge7 9. Na3 Nf5 10. Nc2 Be7 11. Bd3 Nh4 12. Be2 Rc8 13. b3 Nxf3+ 14. Bxf3 O-O
15. Be3 f6 16. Bg4 fxe5 17. dxe5 Qc7 18. Nd4 Qxe5 19. Nxc6 Rxc6 20. Re1 a6 21.
Bc5 Qf6 22. Bxe7 Qxe7 23. h3 Qf6 24. Qd2 Bc8 25. Rac1 Bd7 26. Rxc6 bxc6 27. Qe2
Kh8 28. Bf3 a5 29. Qd2 e5 30. Re2 Bxh3 31. Bxd5 cxd5 32. gxh3 d4 33. Qxa5 d3
34. Rd2 e4 35. Qb4 Qf3 36. Qd6 h6 37. Qg3 Qxg3+ 38. fxg3 e3 39. Rxd3 e2 40. Re3
Rf1+ 41. Kg2 e1=Q 42. Rxe1 Rxe1 {und 0-1 in 58 Zügen} 0-1

[Event "III - WC Individual Ladies"]
[Site "Malente GER"]
[Date "2004.07.30"]
[Round "7.11"]
[White "Kazhugukova A. (KAZ)"]
[Black "Rývová A. (CZE)"]
[Result "0-1"]
[WhiteElo "1805"]
[BlackElo "2046"]
[PlyCount "66"]
[EventDate "2004.??.??"]
[EventType "tourn"]
[EventRounds "11"]
[EventCountry "GER"]

1. e4 e5 2. d4 exd4 3. Qxd4 Nc6 4. Qe3 Nf6 5. Nc3 Bb4 6. Bd2 O-O 7. O-O-O Re8
8. f3 d5 9. Qg5 dxe4 10. Nxe4 Nxe4 11. fxe4 Bxd2+ 12. Qxd2 Qxd2+ 13. Rxd2 Rxe4
14. Nf3 Bg4 15. Bd3 Re7 16. Rf1 Bxf3 17. Rxf3 Re1+ 18. Rd1 Rxd1+ 19. Kxd1 Rd8
20. Kc1 Ne5 21. Rh3 Nxd3+ 22. cxd3 h6 23. Re3 Kf8 24. Kc2 Re8 25. Rxe8+ Kxe8
26. Kc3 Ke7 27. Kc4 f5 28. Kd5 Kf6 29. b4 a6 30. d4 g5 31. a4 c6+ 32. Kc5 f4
33. Kb6 g4 0-1

[Event "III - WC Individual Ladies"]
[Site "Malente GER"]
[Date "2004.07.30"]
[Round "7.11"]
[White "Gerasimova O. (RUS)"]
[Black "Mironenko N. (UKR)"]
[Result "1-0"]
[WhiteElo "1805"]
[BlackElo "1805"]
[PlyCount "115"]
[EventDate "2004.??.??"]
[EventType "tourn"]
[EventRounds "11"]
[EventCountry "GER"]

1. e4 e5 2. Nf3 Nc6 3. Bb5 a6 4. Ba4 Nf6 5. O-O d6 6. Re1 Be7 7. c3 O-O 8. h3
Re8 9. d4 exd4 10. cxd4 b5 11. Bb3 Bb7 12. Ng5 Rf8 13. f4 h6 14. Nf3 Nh7 15. d5
Nb8 16. Bc2 Nd7 17. Nc3 Bh4 18. Nxh4 Qxh4 19. Kh2 Rae8 20. g3 Qf6 21. Be3 c5
22. dxc6 Bxc6 23. Qd3 g6 24. Bd4 Qe7 25. b4 Nhf6 26. Rad1 Nh5 27. Bf2 Nhf6 28.
Qxd6 Qxd6 29. Rxd6 Rc8 30. Bb3 Ne8 31. Rd3 Ng7 32. Nd5 Rfe8 33. e5 Ne6 34. Red1
Kg7 35. Ne3 Ndf8 36. Rd6 Bf3 37. R1d2 Bb7 38. Rc2 Rxc2 39. Nxc2 Rc8 40. Be3 Be4
41. Rd2 Rc3 42. Bf2 Rc6 43. Nd4 Nxd4 44. Rxd4 Bf3 45. Be3 Ne6 46. Rd7 Be4 47.
g4 Bc2 48. Bd5 Rc3 49. Bd2 Ra3 50. Bxe6 Bb1 51. Bxf7 Kf8 52. f5 g5 53. h4 Bxa2
54. Bxa2 Rxa2 55. hxg5 hxg5 56. e6 a5 57. f6 axb4 58. Rd8# 1-0

[Event "III - WC Individual Ladies"]
[Site "Malente GER"]
[Date "2004.07.30"]
[Round "7.11"]
[White "Bürki S. (SUI)"]
[Black "Marcinkevicene E. (LTU)"]
[Result "0-1"]
[WhiteElo "1805"]
[BlackElo "1805"]
[PlyCount "68"]
[EventDate "2004.??.??"]
[EventType "tourn"]
[EventRounds "11"]
[EventCountry "GER"]

1. e4 c5 2. Nc3 Nc6 3. Nf3 a6 4. Bc4 d6 5. d3 Nf6 6. Be3 Bg4 7. d4 cxd4 8. Bxd4
e6 9. Qd3 Bxf3 10. Qxf3 Nxd4 11. Qd1 Qb6 12. b3 Be7 13. Nd5 exd5 14. exd5 Qb4+
15. Qd2 Nxc2+ 16. Kd1 Qxd2+ 17. Kxd2 Nxa1 18. Rxa1 O-O 19. Re1 Rae8 20. h3 Nh5
21. Re4 Bg5+ 22. Kd3 Nf4+ 23. Rxf4 Bxf4 24. g3 Bh6 25. a4 Re1 26. f4 Rfe8 27.
b4 R1e3+ 28. Kd2 Rxg3 29. b5 axb5 30. Bxb5 Bxf4+ 31. Kd1 Ree3 32. Bd7 Rg2 33.
Bc8 Ra3 34. Bd7 Ra1# 0-1

[Event "III - WC Individual Ladies"]
[Site "Malente GER"]
[Date "2004.07.30"]
[Round "7.11"]
[White "Artjomova M. (LAT)"]
[Black "Necse M. (ROU)"]
[Result "1-0"]
[WhiteElo "1805"]
[BlackElo "1805"]
[PlyCount "43"]
[EventDate "2004.??.??"]
[EventType "tourn"]
[EventRounds "11"]
[EventCountry "GER"]

1. d4 e6 2. e4 Nf6 3. Nc3 d5 4. e5 Ng8 5. Nf3 Be7 6. Bd3 h6 7. O-O c6 8. Nd2
Bb4 9. Ne2 Bxd2 10. Bxd2 Ne7 11. Nf4 Qd7 12. Nh5 Nf5 13. Qg4 Kd8 14. Bb4 f6 15.
Bxf5 exf5 16. Qg6 Kc7 17. e6 Qe8 18. Qg3+ Kb6 19. Bc5+ Ka6 20. Qa3+ Kb5 21.
Qb3+ Ka6 22. Qa4# 1-0

[Event "III - WC Individual Ladies"]
[Site "Malente GER"]
[Date "2004.07.30"]
[Round "7.11"]
[White "Kedzierawska W. (POL)"]
[Black "Mucha A. (GER)"]
[Result "0-1"]
[WhiteElo "1805"]
[BlackElo "1805"]
[PlyCount "84"]
[EventDate "2004.??.??"]
[EventType "tourn"]
[EventRounds "11"]
[EventCountry "GER"]

1. e4 c5 2. Nc3 Nc6 3. Nf3 g6 4. d4 cxd4 5. Nxd4 Bg7 6. Nxc6 bxc6 7. Bc4 Qa5 8.
Bd2 Nf6 9. Qf3 O-O 10. O-O Rb8 11. Rab1 d6 12. h3 Bb7 13. b4 Qc7 14. Na4 d5 15.
exd5 cxd5 16. Bd3 d4 17. Qf4 Qc6 18. f3 Qxa4 19. Qxd4 Ne4 20. Qxe4 Bxe4 21.
fxe4 Bd4+ 22. Kh2 Qd7 23. Bf4 Rbc8 24. b5 f6 25. a4 Be5 26. Bxe5 fxe5 27. a5
Rxf1 28. Rxf1 Rc3 29. Rb1 Rxd3 30. cxd3 Qxd3 31. Rc1 Qxb5 32. Rc7 Qxa5 33. Rxe7
Qc5 34. Re8+ Kg7 35. Ra8 a5 36. Rd8 a4 37. Rd1 a3 38. Ra1 Qc3 39. Rxa3 Qxa3 40.
h4 Qe3 41. g3 Qxe4 42. Kg1 Qc2 0-1

[Event "III - WC Individual Ladies"]
[Site "Malente GER"]
[Date "2004.07.30"]
[Round "7.11"]
[White "Nazarova O. (ITA)"]
[Black "Gonchar S. (UKR)"]
[Result "1/2-1/2"]
[WhiteElo "2049"]
[BlackElo "1805"]
[PlyCount "106"]
[EventDate "2004.??.??"]
[EventType "tourn"]
[EventRounds "11"]
[EventCountry "GER"]

1. d4 c5 2. d5 e6 3. dxe6 fxe6 4. e4 Nc6 5. f4 d5 6. g3 Nf6 7. Bg2 Nxe4 8. Bxe4
dxe4 9. Qxd8+ Kxd8 10. Nh3 Nd4 11. Kd1 e5 12. Ng5 Bg4+ 13. Kd2 Nf3+ 14. Ke3
Nxg5 15. fxg5 Bf3 16. Re1 c4 17. Kd2 Kc7 18. Kc3 b5 19. Nd2 a5 20. a3 Re8 21.
Nxe4 Bxe4 22. Rxe4 Bc5 23. Be3 Bxe3 24. Rxe3 Re7 25. Rae1 Kd6 26. h4 h6 27.
gxh6 Rxh6 28. Re4 Rf6 29. g4 Rf3+ 30. R1e3 Rxe3+ 31. Rxe3 Kd5 32. h5 e4 33. Kd2
Ke5 34. g5 Kf4 35. h6 gxh6 36. gxh6 Rh7 37. Rh3 Kg4 38. Rh1 Kf3 39. Rh3+ Kf2
40. Rh2+ Kf3 41. Rh3+ Kg4 42. Rh1 Kf3 43. Rh5 e3+ 44. Ke1 Kg4 45. Rh1 Kf3 46.
Rh3+ Kg4 47. Rxe3 Rxh6 48. Re5 Rh2 49. Kd1 Kf4 50. Rxb5 Ke3 51. Re5+ Kd4 52.
Rxa5 Rh1+ 53. Ke2 Rh2+ 1/2-1/2

[Event "III - WC Individual Ladies"]
[Site "Malente GER"]
[Date "2004.07.31"]
[Round "8.11"]
[White "Rývová A. (CZE)"]
[Black "Gonchar S. (UKR)"]
[Result "1/2-1/2"]
[WhiteElo "2046"]
[BlackElo "1805"]
[PlyCount "111"]
[EventDate "2004.??.??"]
[EventType "tourn"]
[EventRounds "11"]
[EventCountry "GER"]

1. e4 e6 2. d4 d5 3. Nd2 Nf6 4. e5 Nfd7 5. Bd3 c5 6. c3 Nc6 7. Ne2 cxd4 8. cxd4
f6 9. exf6 Nxf6 10. Nf3 Bb4+ 11. Bd2 O-O 12. O-O Bxd2 13. Qxd2 Qd6 14. Rad1 e5
15. dxe5 Nxe5 16. Nxe5 Qxe5 17. Ng3 Be6 18. Rfe1 Qd6 19. Bf5 Rae8 20. Ne4 Nxe4
21. Bxe4 Rd8 22. Bc2 Kh8 23. Qe2 Bf5 24. Bxf5 Rxf5 25. Qe6 Qxe6 26. Rxe6 Kg8
27. Re7 Rf7 28. Re5 Rfd7 29. Rd4 Rc7 30. Kf1 Rc1+ 31. Re1 Rxe1+ 32. Kxe1 Kf7
33. f4 Ke6 34. g4 Rc8 35. Kd2 h6 36. Ra4 a6 37. Rb4 b5 38. b3 Kd6 39. Rd4 Re8
40. a4 Kc5 41. Kd3 b4 42. f5 a5 43. Rf4 Re1 44. f6 gxf6 45. Rxf6 Rc1 46. Ra6
Rc3+ 47. Kd2 Rxb3 48. Rxa5+ Kc4 49. h4 Rg3 50. Ra6 Rxg4 51. Rxh6 Rg2+ 52. Kc1
Ra2 53. Rd6 Kd4 54. h5 Rxa4 55. Kb2 Ra3 56. Rh6 1/2-1/2

[Event "III - WC Individual Ladies"]
[Site "Malente GER"]
[Date "2004.07.31"]
[Round "8.11"]
[White "Mucha A. (GER)"]
[Black "Nazarova O. (ITA)"]
[Result "1-0"]
[WhiteElo "1805"]
[BlackElo "2049"]
[PlyCount "83"]
[EventDate "2004.??.??"]
[EventType "tourn"]
[EventRounds "11"]
[EventCountry "GER"]

1. d4 d5 2. e3 Nf6 3. Bd3 c6 4. c3 Qc7 5. f4 Bg4 6. Nf3 Ne4 7. Nbd2 f5 8. O-O
Qd6 9. Qe1 Nd7 10. Ne5 Nxe5 11. fxe5 Qg6 12. Nf3 e6 13. c4 Be7 14. Bd2 b6 15.
cxd5 exd5 16. b4 O-O 17. Rc1 Rfe8 18. a4 Bf8 19. Bb1 Re6 20. Ba2 Rd8 21. Bc3
Qh5 22. Qh4 Bxf3 23. Qxd8 Rh6 24. Bxd5+ cxd5 25. Qxd5+ Kh8 26. Rxf3 Qxh2+ 27.
Kf1 Qh1+ 28. Ke2 Qxg2+ 29. Kd3 Qxf3 30. Qf7 Nf2+ 31. Kc2 Qa8 32. d5 Qc8 33. e6
Rf6 34. Qxa7 Bxb4 35. Kb3 Bxc3 36. Rxc3 Qd8 37. e7 Qxd5+ 38. Kb2 Qd2+ 39. Rc2
Qb4+ 40. Ka2 Rf8 41. exf8=Q+ Qxf8 42. Qb7 1-0

[Event "III - WC Individual Ladies"]
[Site "Malente GER"]
[Date "2004.07.31"]
[Round "8.11"]
[White "Necse M. (ROU)"]
[Black "Kedzierawska W. (POL)"]
[Result "0-1"]
[WhiteElo "1805"]
[BlackElo "1805"]
[PlyCount "110"]
[EventDate "2004.??.??"]
[EventType "tourn"]
[EventRounds "11"]
[EventCountry "GER"]

1. e4 Nf6 2. Nc3 d5 3. d4 Nc6 4. Nf3 dxe4 5. d5 exf3 6. dxc6 Qxd1+ 7. Nxd1 bxc6
8. gxf3 Bf5 9. c3 e5 10. Ne3 g6 11. Nc4 e4 12. Bg2 Bc5 13. Bg5 Nh5 14. fxe4 Be6
15. Nd2 h6 16. Be3 Bxe3 17. fxe3 O-O 18. O-O-O Rab8 19. b3 c5 20. c4 a5 21. Kb2
Nf6 22. h3 Nd7 23. a4 Nb6 24. Ka3 Rfd8 25. Bf1 Bd7 26. Rb1 Bc6 27. Rh2 Nd7 28.
Rb2 Ne5 29. Rf2 Nd3 30. Bxd3 Rxd3 31. Re2 Rb4 32. Ka2 g5 33. e5 Rd8 34. Ka3 Re8
35. e4 Rxe5 36. Nf3 Rxe4 37. Rxe4 Bxe4 38. Ne5 Bf5 39. Nc6 Bxh3 40. Nxb4 cxb4+
41. Ka2 g4 42. Rd2 h5 43. Rd5 Kg7 44. Rxh5 Kg6 45. Rxa5 g3 46. Re5 g2 47. Re1
f5 48. a5 f4 49. a6 Bc8 50. a7 Bb7 51. c5 f3 52. Rc1 f2 53. c6 Ba8 54. Kb2 f1=Q
55. Rxf1 gxf1=Q 0-1

[Event "III - WC Individual Ladies"]
[Site "Malente GER"]
[Date "2004.07.31"]
[Round "8.11"]
[White "Marcinkevicene E. (LTU)"]
[Black "Artjomova M. (LAT)"]
[Result "1/2-1/2"]
[WhiteElo "1805"]
[BlackElo "1805"]
[PlyCount "75"]
[EventDate "2004.??.??"]
[EventType "tourn"]
[EventRounds "11"]
[EventCountry "GER"]

1. d4 Nf6 2. c4 e6 3. Nc3 Bb4 4. Qc2 Nc6 5. Nf3 O-O 6. Bg5 Bxc3+ 7. Qxc3 d5 8.
e3 b6 9. cxd5 Qxd5 10. Bxf6 gxf6 11. Bd3 Bb7 12. a3 Qd6 13. Qc2 f5 14. Rc1 Rac8
15. b4 Ne7 16. Qe2 Ng6 17. Ng5 h6 18. Nf3 Kh7 19. O-O Rg8 20. Ba6 Bxf3 21. Qxf3
Nh4 22. Qf4 Qxf4 23. exf4 Rxg2+ 24. Kh1 Rcg8 25. Be2 Rc8 26. Rc2 Rg7 27. Rfc1
f6 28. Bh5 Ng6 29. Bxg6+ Kxg6 30. Rg1+ Kh7 31. Rxg7+ Kxg7 32. Kg2 Kf7 33. Kf3
Ke7 34. Rc1 Kf7 35. Kg3 Rg8+ 36. Kf3 Rc8 37. Kg3 Ke7 38. Kf3 1/2-1/2

[Event "III - WC Individual Ladies"]
[Site "Malente GER"]
[Date "2004.07.31"]
[Round "8.11"]
[White "Mironenko N. (UKR)"]
[Black "Bürki S. (SUI)"]
[Result "1-0"]
[WhiteElo "1805"]
[BlackElo "1805"]
[PlyCount "55"]
[EventDate "2004.??.??"]
[EventType "tourn"]
[EventRounds "11"]
[EventCountry "GER"]

1. e4 e5 2. Nf3 Nc6 3. Bc4 Bc5 4. d3 h6 5. c3 d6 6. O-O Be6 7. Bb5 a6 8. Ba4
Qd7 9. d4 Ba7 10. d5 Bg4 11. dxc6 bxc6 12. Qd3 Bb6 13. Rd1 Ne7 14. Nbd2 O-O 15.
Nf1 Ng6 16. Ng3 a5 17. Nf5 Rad8 18. h3 Bxh3 19. gxh3 Qe6 20. Bxc6 Nf4 21. Bxf4
exf4 22. Bd5 Qg6+ 23. Kh2 Bxf2 24. Ne7+ Kh7 25. Nxg6 Kxg6 26. Rg1+ Kh7 27. e5+
Kg8 28. Qg6 1-0

[Event "III - WC Individual Ladies"]
[Site "Malente GER"]
[Date "2004.07.31"]
[Round "8.11"]
[White "Kazhugukova A. (KAZ)"]
[Black "Gerasimova O. (RUS)"]
[Result "0-1"]
[WhiteElo "1805"]
[BlackElo "1805"]
[PlyCount "62"]
[EventDate "2004.??.??"]
[EventType "tourn"]
[EventRounds "11"]
[EventCountry "GER"]

1. e4 c5 2. Nc3 Nc6 3. g3 g6 4. Bg2 Bg7 5. Nf3 e6 6. O-O Nge7 7. d3 d6 8. Re1
O-O 9. Be3 Nd4 10. Qd2 Nec6 11. a3 Re8 12. Rad1 Rb8 13. Qc1 b5 14. Ne2 b4 15.
axb4 Nxf3+ 16. Bxf3 Rxb4 17. c3 Rb8 18. d4 c4 19. d5 Ne5 20. Nd4 exd5 21. exd5
Nxf3+ 22. Nxf3 Bg4 23. Kg2 Qf6 24. Bf4 Bxf3+ 25. Kxf3 g5 26. Rxe8+ Rxe8 27. Rd4
Qf5 28. Qd2 Bxd4 29. Qxd4 gxf4 30. Qxc4 fxg3+ 31. Kxg3 Re4 0-1

[Event "III - WC Individual Ladies"]
[Site "Malente GER"]
[Date "2004.08.02"]
[Round "9.11"]
[White "Bürki S. (SUI)"]
[Black "Kazhugukova A. (KAZ)"]
[Result "0-1"]
[WhiteElo "1805"]
[BlackElo "1805"]
[PlyCount "63"]
[EventDate "2004.??.??"]
[EventType "tourn"]
[EventRounds "11"]
[EventCountry "GER"]

1. e4 e6 2. d4 d5 3. Nc3 dxe4 4. Nxe4 Nf6 5. Nxf6+ Qxf6 6. Be3 Nc6 7. c3 b6 8.
Bb5 Bd7 9. Ne2 a6 10. Bd3 Bd6 11. h3 O-O 12. Be4 Rad8 13. Rc1 Qe7 14. c4 Kh8
15. O-O f5 16. Bxc6 Bxc6 17. d5 exd5 18. Qd3 dxc4 19. Rxc4 Bb5 20. b3 Bh2+ 21.
Kxh2 Rxd3 22. a4 Bxc4 23. bxc4 Ra3 24. Ng3 Rxa4 25. Rc1 f4 26. Bd4 fxg3+ 27.
fxg3 Qe4 28. Rd1 Rxc4 29. h4 Rc2 30. Rg1 Qxd4 31. Re1 Qf2 32. Kh3 0-1

[Event "III - WC Individual Ladies"]
[Site "Malente GER"]
[Date "2004.08.02"]
[Round "9.11"]
[White "Artjomova M. (LAT)"]
[Black "Mironenko N. (UKR)"]
[Result "0-1"]
[WhiteElo "1805"]
[BlackElo "1805"]
[PlyCount "60"]
[EventDate "2004.??.??"]
[EventType "tourn"]
[EventRounds "11"]
[EventCountry "GER"]

1. d4 d5 2. Nc3 Nf6 3. g3 Bf5 4. Bg2 e6 5. Bg5 Be7 6. Nf3 Nbd7 7. O-O O-O 8.
Re1 Rc8 9. Nh4 Bg4 10. Qd3 c5 11. Bxf6 Bxf6 12. Nf3 a6 13. e4 cxd4 14. Nxd4 Ne5
15. Qd2 Nc4 16. Qf4 Bxd4 17. Qxg4 Nxb2 18. Ne2 Bf6 19. Nf4 dxe4 20. Bxe4 Rc7
21. h4 Nc4 22. Rad1 Rd7 23. Bxb7 Ne5 24. Qe2 a5 25. Ba6 Qb6 26. Rxd7 Nxd7 27.
Bd3 Bd4 28. Rf1 Ne5 29. Qe4 g6 30. Qe1 Nf3+ 0-1